000 00559nam a2200145Ia 4500
005 20260209120127.0
008 260209s9999||||xx |||||||||||||| ||und||
100 _aTanya George
245 0 _aCorporate combat against hostile takeover : analysis of modern day application of defences
260 _aBangaloreBangalore
_bNLSIU
_c2009
300 _a78 p. ; 25 cm.
650 _aAcquisition of Control Takeover Defence
700 _aProf. M P Padmanabha Pillai - GuideProf. M P Padmanabha Pillai - Guide
856 _uhttps://dans.nls.ac.in/handle/123456789/1667
999 _c216905
_d216905